000 00493nam a22001577a 4500
003 OSt
005 20221109215742.0
008 221006b |||||||| |||| 00| 0 eng d
040 _cBiblioteca Lado V
082 _a779
_bG241r
100 _9356
_aGarrido, Nelson
_eautor
245 _aResidencia ArtĂ­stica en FotografĂ­a/
260 _aValparaiso
_c2010
_bConsejo Nacional de la cultura y las artes
300 _c14x22cm
_a140p.
_bfalta CD
942 _2ddc
_c1
_h779
_iG241r
_n0
999 _c2550
_d2550